The Association of Consulting Engineers Malaysia [ACEM] directory 2004/2005.

Bibliographic Details
Corporate Author: Association of Consulting Engineers Malaysia (ACEM)
Format: Book
Published: Kuala Lumpur: Association of Consulting Engineers Malaysia, 2004.
Edition:24th ed.
Subjects:
LEADER 00664cam a2200169 7i4500
001 0000015160
005 20050328090000.0
090 0 0 |a M 620.0092025   |b ASS 
110 2 0 |a Association of Consulting Engineers Malaysia (ACEM) 
245 2 0 |a The Association of Consulting Engineers Malaysia [ACEM] directory 2004/2005. 
250 0 0 |a 24th ed. 
260 0 0 |a Kuala Lumpur:   |b Association of Consulting Engineers Malaysia,   |c 2004. 
300 # # |a 236 p. 
650 0 0 |a Engineering --   |x Societies,etc --   |x Directories --   |z Malaysia  
650 0 0 |a Consulting engineering --   |x directories --   |z Malaysia  
651 0 0 |a Malaysia  
999 |a PNG000181H  |b Directories  |c Malaysia  |e Business Information Centre